Central Library OPAC University of Rajshahi

The shoemaker's holiday / (Record no. 19455)

MARC details
000 -LEADER
fixed length control field 00848nam a22002532a 4500
001 - CONTROL NUMBER
control field 19455
003 - CONTROL NUMBER IDENTIFIER
rucl marc code BD-RjUL
005 - DATE AND TIME OF LATEST TRANSACTION
control field 20211209000432.0
008 - FIXED-LENGTH DATA ELEMENTS--GENERAL INFORMATION
fixed length control field 140224r19521945nyua 000 1 eng d
035 ## - SYSTEM CONTROL NUMBER
System control number (BD-RjUL)19515
040 ## - CATALOGING SOURCE
Original cataloging agency TXR
Transcribing agency TXR
Modifying agency CPT
-- EQO
-- BD-RjUL
Language of cataloging eng
041 ## - LANGUAGE CODE
Language code of text/sound track or separate title eng
082 04 - DEWEY DECIMAL CLASSIFICATION NUMBER
Classification number 822.3
Author mark and year DES 1952
090 ## - LOCALLY ASSIGNED LC-TYPE CALL NUMBER (OCLC); LOCAL CALL NUMBER (OCLC)
Classification number (OCLC) (R) ; Classification number, CALL (RLIN) (NR) PR2490
Local cutter number (OCLC) ; Book number/undivided call number, CALL (RLIN) .A1 1927b
100 1# - MAIN ENTRY--PERSONAL NAME
Personal name Dekker, Thomas,
Dates associated with a name approximately 1572-1632.
9 (RLIN) 54010
245 14 - TITLE STATEMENT
Title The shoemaker's holiday /
Statement of responsibility, etc. by Thomas Dekker ; edited by Guy N. Pocock
260 ## - PUBLICATION, DISTRIBUTION, ETC. (IMPRINT)
Place of publication, distribution, etc. London :
Name of publisher, distributor, etc. Methuen & co.,
Date of publication, distribution, etc. 1945 [reprinted 1952].
300 ## - PHYSICAL DESCRIPTION
Pagination xviii, 93 p. ;
Size 17 cm.
490 0# - SERIES STATEMENT
Series statement Methuen's Enlish Classics
650 1# - SUBJECT ADDED ENTRY--TOPICAL TERM
Topical term or geographic name as entry element English drama (Comedy) -- Early modern and Elizabethan, 1500-1600.
9 (RLIN) 59775
700 1# - ADDED ENTRY--PERSONAL NAME
Personal name Williams, W. Tom
830 #0 - SERIES ADDED ENTRY--UNIFORM TITLE
Uniform title King's treasuries of literature
942 ## - ADDED ENTRY ELEMENTS (KOHA)
Source of classification or shelving scheme Dewey Decimal Classification
Koha item type Books
Holdings
Lost status Source of classification or shelving scheme Damaged status Not for loan Collection code Permanent Location Current Location Shelving location Date acquired Source of acquisition Cost, normal purchase price Total Checkouts Full call number Date last seen Copy number Koha item type
  Dewey Decimal Classification   Not For Loan Fiction Central Library, University of Rajshahi Central Library, University of Rajshahi Reading Room 25/08/1956 U.B.D 0.00   822.3 DES 1952 24/02/2014 C-1 Books